| 000 | 00906nam a2200229 i 4500 | ||
|---|---|---|---|
| 001 | 20168 | ||
| 003 | ES-MaACL | ||
| 005 | 20230906154642.0 | ||
| 007 | t| | ||
| 008 | 021107m19671969sp |||| | spa d | ||
| 100 | 1 |
_aAguado Bleye, Pedro, _d1884-1954 _918617 |
|
| 245 | 1 | 0 |
_aManual de historia de España / _cpor Pedro Aguado Bleye ; prólogo y revisión por Cayetano Alcázar Molina. |
| 250 | _a10ª ed. | ||
| 260 |
_aMadrid : _bEspasa-Calpe, _c1967-1969. |
||
| 300 |
_a3 v. : _bil. ; _c25 cm. |
||
| 505 | 8 |
_aContiene: I ; _tPrehistoria. Edades Antigua y Media - II ; _tReyes Católicos. Casa de Austria (1474-1700) - III ; _tCasa de Borbón (1700-1808). España Contemporánea (1808-1955) |
|
| 651 | 4 |
_aEspaña- _xHistoria. _98209 |
|
| 700 | 1 |
_aAlcázar Molina, Cayetano, _d1897-1958 _919539 |
|
| 852 |
_aES-MaACL _jC-37353-55 |
||
| 852 |
_aES-MaACL _jC-37572-74 |
||
| 999 |
_c20168 _d20168 |
||